| 000 | 00380cam a2200145ua 4500 | ||
|---|---|---|---|
| 041 |
_aeng _h |
||
| 082 |
_a669.7 _bROB/EX |
||
| 100 | _aRobert, E.R . | ||
| 245 |
_aExtraction of Non-ferrous metals / _cE.R.Robert. _hTextual Documents |
||
| 260 |
_aLondon : _bTemple press ltd Bowling Green lane , _c1950. |
||
| 300 | _a181 ; . | ||
| 504 | _a | ||
| 942 | _cBK | ||
| 999 |
_c1263 _d1263 |
||